000 00860cam a22003015a 4500
001 L157822
002 19229
008 130530s2012 xxk f 000 0 eng d
020 _a1859460429
035 _a(Sirsi) u157822
041 _aeng
050 _a692.8
100 _aClamp, Hugh
245 _aWhich contract? Choosing the appropriate building contract.
250 _a5th ed.
260 _aLondon
_bRIBA Publications
_c2012
300 _a375p. ; 30cm.
350 _a45
650 _aBUILT ENVIRONMENT-BUILDING CONTRACT FORMS
650 _aBUILT ENVIRONMENT-BUILDING CONTRACT FORMS-STANDARD FORMS OF BUILDING CONTRACT-JOINT CONTRACTS TRIBNUAL CONTRACTS
651 4 _aENGLAND AND WALES
690 _aBUILT ENVIRONMENT
700 _aCox, Stanley
700 1 _aLupton, Sarah
700 1 _aUdom, Koko
942 _n0
948 _c24/05/1999
999 _c114985
_d114985